Największe miasta historycznego Polesia - Statystyki

Ogólne statystyki
  • Ten quiz został rozwiązany 7 razy
  • Średni wynik to 4 z 20
Statystyki odpowiedzi
Populacja Miasto % Poprawnych
54 926 Biała Podlaska
100%
344 470 Brześć
71%
5 197 Terespol
57%
510 000 Homel
43%
12 123 Włodawa
43%
287 490 Czernihów
29%
14 744 Drohiczyn
14%
51 200 Kobryń
14%
112 000 Mozyrz
14%
126 300 Pińsk
14%
2 825 Piszczac
14%
9 424 Dąbrowica
0%
23 458 Iwacewicze
0%
11 713 Kamień Koszyrski
0%
2 000 Kosów
0%
23 600 Łuniniec
0%
19 000 Prużana
0%
28 257 Sarny
0%
12 400 Stolin
0%
2 900 Turów
0%
Nie znaleziono quizów pasujących do podanych kryteriów
Rozkład punktacji
Procent ludzi z każdym wynikiem
Percentyl według liczby udzielonych odpowiedzi
Twoja historia wyników
Nie rozwiązałeś tego quizu